[Event "GER CCM-E02-D email"]
[Site "GER email"]
[Date "2018.06.19"]
[Round "?"]
[White "Jambrich, Jaromir"]
[Black "Martins, Sergio A"]
[Result "1/2-1/2"]
[WhiteElo "2246"]
[BlackElo "2267"]
[PlyCount "75"]
[EventDate "2018.??.??"]
[EventType "tourn (corr)"]
[EventRounds "13"]
[EventCountry "GER"]
[SourceTitle "Corr 2020"]
[Source "ChessBase"]
[SourceDate "2019.09.30"]
[SourceVersion "1"]
[SourceVersionDate "2019.09.30"]
[SourceQuality "1"]

1. d4 Nf6 2. c4 g6 3. Nc3 Bg7 4. e4 d6 5. h3 0-0 6. Nf3 e5 7. d5 a5 8. Bg5 Na6 9. Be2 Qe8 10. g4 Nd7 11. a3 Nb6 12. Nd2 Bd7 13. Qc2 Nc5 14. Be3 Qe7 15. Bxc5 dxc5 16. h4 c6 17. Qd3 cxd5 18. cxd5 Nc8 19. a4 Nd6 20. Nc4 f5 21. f3 fxe4 22. fxe4 Rf4 23. 0-0-0 h6 24. g5 h5 25. Qc2 Rd8 26. Rdf1 Rdf8 27. Kb1 R8f7 28. Ka2 Kh7 29. Re1 Rf8 30. Nxd6 Qxd6 31. Rc1 Rf2 32. Qb3 b6 33. Rc2 R2f4 34. Rd2 Rd8 35. Bb5 Bg4 36. Rf1 Rc8 37. Bc4 Bd7 38. Rh1 1/2-1/2